00644nam a2200145 a 4500082001200000100005200012245005700064260014200121300001900263650002400282856007000306942000700376999001500383952010000398 a600 GOV1 aGovindarajulu, V. ; Bhushan, B. India Republic.10aIndian technologies developed by csir laboratories / a[S.l.] :bPublications & Information Directorate for Technology Utilization Division, Council of Scientific & Industrial Research,c1975. a1 v. (unpaged) aindian technologies40uhttp://www.amazon.com/exec/obidos/ASIN/B007Q586QM/chopaconline-20 cBK c1697d1697 0010708NFICaICbICcGENd2015-07-26l0o600 GOVp002696r2022-11-17 00:00:00w2015-07-26yBK